| 000 | 00458nam a22001697a 4500 | ||
|---|---|---|---|
| 005 | 20250324141406.0 | ||
| 008 | 250324b |||||||| |||| 00| 0 eng d | ||
| 020 | _a9781788110099 | ||
| 041 | _aEng. | ||
| 082 | _a658.816 RAO | ||
| 100 | _aRao, R. Vithala | ||
| 245 | _aAdvanced Introduction to Pricing Strategy and Analytics | ||
| 260 |
_aUK _bEdward Elgar Publishing Ltd _c2023 |
||
| 300 | _a305;. P. 23 cm | ||
| 650 | _aPricing Strategy | ||
| 942 | _cBK | ||
| 999 |
_c43362 _d43362 |
||